First and Last 5 (Oceania's Countries in Population) Quiz Stats

 Plays Quiz not verified by Sporcle

Challenge
Share
Tweet
Embed
Score 0/10 Timer 02:00
0 Plays Today
Rank # Country % Correct
1Australia
100%
2Papua New Guinea
95.1%
3New Zealand
95.1%
4Fiji
95.1%
5Solomon Islands
92.7%
12Palau
92.7%
11Marshall Islands
92.7%
10Micronesia
90.2%
14Nauru
90.2%
13Tuvalu
90.2%

You're not logged in!

Compare scores with friends on all Sporcle quizzes.
Join for Free
OR
Log In

You Might Also Like...

Show Comments

Extras

Top Quizzes Today


Score Distribution

Your Account Isn't Verified!

In order to create a playlist on Sporcle, you need to verify the email address you used during registration. Go to your Sporcle Settings to finish the process.

Report this User

Report this user for behavior that violates our Community Guidelines.

Details: